000 01107nam a2200301 a 4500
001 000115589
003 CHAP
005 20220329144540.0
008 190611s2019 mx a |sm |||||||spa d
010 _a112050
011 _a113022
040 _cCHAP
090 _aTesis
100 1 _aBañuelos Santillán, Daniel.
_9136010
245 1 0 _aIdentificación de ácaros fitófagos en frutales en el Estado de Morelos, México
_h[En línea]
_cpor Daniel Bañuelos Santillán.
260 _aChapingo, Méx. :
_bEl autor,
_c2019.
500 _aPara ver el contenido del material haga clic en la liga
502 _aTesis (Ing. Agr. Esp. en Parasitología Agrícola) -- UACH. Departamento de Parasitología Agrícola
590 _aBATCH-UPD
_b05
_c20190611
_lUCH01
_h1209
590 _aE6339RRR
_b05
_c20190611
_lUCH01
_h1208
590 _aE6339RRR
_b05
_c20190611
_lUCH01
_h1208
650 1 4 _aÁcaros fitófagos
_xIdentificación.
_9130836
650 1 4 _aCultivos
_xPlagas.
_930305
856 _aFinding aid
_uhttp://10.13.5.2/tesis/sist115589.pdf
_zTeclea aquí
901 _aBK
942 _cTESIS
942 _n0
999 _c112050
_d112050